[Event "Fredrikstad CC-ch"]
[Site "Fredrikstad"]
[Date "2002.01.23"]
[Round "3"]
[White "Jervan, Morten"]
[Black "Martinsen, Joern Egil"]
[Result "0-1"]
[WhiteElo "1248"]
[BlackElo "1361"]
[PlyCount "104"]
[EventDate "2002.01.??"]
[EventType "swiss"]
[EventRounds "11"]
[EventCountry "NOR"]
[SourceTitle "EXT 2005"]
[Source "ChessBase"]
[SourceDate "2004.11.15"]
[SourceVersion "1"]
[SourceVersionDate "2004.11.15"]
[SourceQuality "1"]

1. e4 Nf6 2. Nc3 d6 3. d4 Nc6 4. Nf3 g6 5. Bf4 Bg7 6. Qd2 0-0 7. Bh6 e5 8. Bxg7 Kxg7 9. d5 Ne7 10. Bd3 c6 11. dxc6 bxc6 12. 0-0 d5 13. exd5 e4 14. Bxe4 cxd5 15. Bd3 Ne4 16. Bxe4 dxe4 17. Qxd8 Rxd8 18. Nxe4 Bb7 19. Rfe1 Rac8 20. c3 Nd5 21. Rad1 Rc4 22. b3 Rcc8 23. c4 Nb4 24. Rxd8 Rxd8 25. a4 Nc2 26. Rc1 Bxe4 27. Ng5 Bc6 28. h4 Nb4 29. Re1 h6 30. Nf3 Rd3 31. Re3 Bxf3 32. Rxd3 Nxd3 33. gxf3 Nc5 34. b4 Nxa4 35. Kf1 Kf6 36. Ke2 Ke5 37. Ke3 Nb6 38. f4+ Kf5 39. Kd4 Kxf4 40. c5 Nc8 41. Kd5 g5 42. hxg5 h5 43. Kc6 h4 44. Kc7 h3 45. Kxc8 h2 46. Kb7 h1Q+ 47. c6 Qd5 48. Kc7 Ke5 49. Kb7 Kd6 50. f4 Qxc6+ 51. Kxa7 Kc7 52. b5 Qb7# 0-1